Διερεύνηση του φαινομένου της υπερτιμολόγησης συσκευασμένων προϊόντων οικονομικού μεγέθους

Αποθηκεύτηκε σε:
Λεπτομέρειες βιβλιογραφικής εγγραφής
Κύριος συγγραφέας: Ζώτος, Γεώργιος Χ.
Μορφή: Βιβλίο
Γλώσσα:Greek
Δημοσίευση: Αθήνα : ΚΕΠΕ, 1986
Σειρά:Θέματα προγραμματισμού ; ; 20
Θέματα:
Ετικέτες: Προσθήκη ετικέτας
Δεν υπάρχουν, Καταχωρήστε ετικέτα πρώτοι!

MARC

LEADER 00000nam a2200000 i 4500
001 1/59508
008 960321s1986 gre d
035 |l 10028550 
040 |a GR-MY-UA  |b gre  |e aacr 
041 0 |a gre 
082 0 |a 658.823 
100 1 |a Ζώτος, Γεώργιος Χ. 
245 1 0 |a Διερεύνηση του φαινομένου της υπερτιμολόγησης συσκευασμένων προϊόντων οικονομικού μεγέθους 
260 |a Αθήνα :   |b ΚΕΠΕ,   |c 1986 
300 |a 122 σ. 
490 1 |a Θέματα προγραμματισμού  |v ; 20 
650 0 0 |a Packaging  |x Research  |x Greece. 
650 0 0 |a Sales promotion  |x Greece. 
830 0 |a Θέματα προγραμματισμού ;  |v ; 20 
852 |a INST  |b CHIOS  |e 19960321  |h 658.823 ΖΩΤ  |p 005200000683  |q 005200000683  |t BK  |y 0 
852 |a INST  |b CHIOS  |e 19960321  |h 658.823 ΖΩΤ  |p 005200000684  |q 005200000684  |t BK  |y 0 
852 |a INST  |b CHIOS  |e 19990209  |h 658.823 ΖΩΤ  |p 005200014896  |q 005200014896  |t BK  |y 0 
909 |a Χ  |b 007464 
909 |a Χ  |b 008548 
909 |a Χ  |b 055327 
922 |a 2ΔΩΡ  |b 199902  |d ΛΕΜΟΝΙΑ